Cities with Highest Percentage of Country's Population - Statistics

General Stats
  • This quiz has been taken 79 times
    44 since last reset
  • The average score is 4 of 18
Answer Stats
Percent Country % Correct
73 Kuwait City
54%
77 Djibouti
49%
52 Montevideo
40%
64 Panama City
37%
65 Ulaanbaatar
29%
59 Asuncion
20%
53 Dakar
20%
53 Kabul
17%
51 Ouagadougou
17%
62 Brazzaville
14%
58 Tbilisi
14%
50 Mogadishu
11%
55 Yerevan
11%
54 Bissau
9%
56 Bujumbura
9%
50 Luanda
9%
56 Monrovia
9%
54 Phnom Penh
6%
No matching quizzes found
Score Distribution
Percent of People with Each Score
Percentile by Number Answered
Your Score History
You have not taken this quiz since the last reset